| 000 | 01079nam a22003377a 4500 | ||
|---|---|---|---|
| 003 | CHAP | ||
| 005 | 20220329143709.0 | ||
| 008 | 33724002231347 mx a r 00010 eng d | ||
| 010 | _a100506 | ||
| 011 | _a101478 | ||
| 035 | _a112166 | ||
| 040 | _cCHAP | ||
| 082 | 0 | 0 |
_a581.972 _bOg6 |
| 100 | 1 |
_aO'Gorman, Helen _982352 |
|
| 245 | 1 | 0 |
_aMexican flowering trees and plants _c/por Helen O'Gorman; editado por Ella Wallace Turok |
| 260 |
_aMexico, D.F. : _bAmmex, _c1961 |
||
| 300 |
_a218 p. : _bilus. |
||
| 590 |
_aBATCH-UPD _b10 _c20130110 _lUCH01 _h1217 |
||
| 590 |
_aBATCH-UPD _b10 _c20130410 _lUCH01 _h0754 |
||
| 590 |
_aBATCH-UPD _b10 _c20130914 _lUCH01 _h1418 |
||
| 590 |
_aBATCH-UPD _b10 _c20170620 _lUCH01 _h0913 |
||
| 590 |
_aCONVERSION _b10 _c20130109 _lUCH01 _h1355 |
||
| 650 | 1 | 4 |
_aÁrboles ornamentales. _96693 |
| 650 | 1 | 4 |
_aÁrboles _xMexico. _96625 |
| 650 | 1 | 4 |
_aFlores _xMéxico. _941390 |
| 700 | 1 |
_aWallace Turok, Ella _9120909 |
|
| 901 | _aBK | ||
| 911 | _aen proceso | ||
| 942 | _cLIBRO | ||
| 949 |
_a581.972 Og6 _bBC _cLIBRO _d33724002231991 _eLIBRO _h114262 _i112166 _si |
||
| 999 |
_c100506 _d100506 |
||